000 00502nam a22001452 4500
082 _a940.287
_bROS
100 1 _aRose, J. Holland
_949417
245 0 4 _aThe development of the European nations, 1870-1914,
_cby J. Holland Rose.
250 _a5th ed., with new preface and three supplementary chapters.
260 _aNew York and London,
_bG.P. Putnam's sons,
_c1916.
300 _a2 v. in 1.
_bfold. maps.
_c23 cm.
526 _a0
_b0
_c0
_d940_287000000000000_ROS
650 _aMCE
_9379
942 _2ddc
_cBK
999 _c553423
_d553423